00715 2200241 4500001002100000005001500021035002000036007000300056008004100059020001600100082001100116084001700127100001800144245013700162250001000299260003700309300003600346650002500382700001400407520003000421990001100451990001100462INLIS00000000000355320190625025352 a0010-0619000097ta190625 g 0 ind  a602720772-8 a297.43 a297.43 EDI s0 aEDI, Abu Faiz1 aSemua Ada Solusinya :bMenjawab 20 Permasalahan Anak-anak yang Paling Sering Dikeluhkan Orang Tua /cEdi Abu Faiz; editor, Anniez RM acet.1 aSurakarta :bFitrah Media,c2016 avi, 185 hlm. :bilus. ;c21 cm. 4aISLAM.FIQIH KELUARGA0 aANNIEZ RM aBibliografi: hlm. 184-185 a6817 a a6817 b